|
|
|
|
| LEADER |
01019cam a22003131a 4500 |
| 001 |
000033029 |
| 003 |
9159 |
| 005 |
20151021000000.0 |
| 008 |
151016s2003 vm 000 eng |
| 041 |
|
|
|a eng
|
| 082 |
|
|
|a 495.923
|b TR-C
|
| 100 |
|
|
|a Trần Bá Cừ
|
| 245 |
|
|
|a Từ điển bách khoa sinh học
|c Trần Bá Cừ
|
| 260 |
|
|
|a KH-KT
|c 2003
|
| 300 |
|
|
|a 2409tr. : mh ; 30 cm
|
| 650 |
|
|
|a Từ điển, bách khoa, sinh học, 2003, Trần Bá Cừ
|
| 852 |
|
|
|b Chuyên đề
|c Từ điền 1
|
| OWN |
|
|
|a LNN
|
| AVA |
|
|
|a UDN50
|b LNN
|d 495.923 TR-C
|e available
|t Error 5001 Not defined in file expand_doc_bib_avail.
|f 1
|g 0
|h N
|i 0
|k 1
|
| 999 |
|
|
|a From the UDN01
|
| AVA |
|
|
|a UDN50
|b LNN
|d 495.923 TR-C
|e available
|t Error 5001 Not defined in file expand_doc_bib_avail.
|f 1
|g 0
|h N
|i 0
|k 1
|
| TYP |
|
|
|a Monograph
|
| 980 |
|
|
|a Mạng thư viện Đại học Đà Nẵng
|